| 000 | 00847nam a2200253 i 4500 | ||
|---|---|---|---|
| 001 | bg | ||
| 100 | 1 | _aKSIĄŻYŃSKI, Krzysztof W. | |
| 245 | 1 | 0 |
_aHydraulika : _bzestawienie pojęć i wzorów stosowanych w budownictwie : podręcznik dla studentów wyższych szkół technicznych / _cKrzysztof Wojciech Książyński ; Politechnika Krakowska im. Tadeusza Kościuszki. |
| 250 | _aWyd.2 popr. i uzup. | ||
| 260 |
_aKraków : _bPK, _c2002. |
||
| 300 |
_a122 s. : _bil. ; _c24 cm. |
||
| 504 | _aBibliogr. | ||
| 650 | 9 | _aHydromechanika | |
| 650 | 9 | _aHydraulika | |
| 655 | _aPodręczniki akademickie | ||
| 710 | 0 | _aPolitechnika Krakowska im. Tadeusza Kościuszki | |
| 020 | _a8372421048 | ||
| 040 | _cBPK | ||
| 041 | 0 | _apol | |
| 080 | _a532(075.8) | ||
| 920 | _a83-7242-104-8 | ||
| 942 | _cKS | ||
| 008 | s pl f |000 0 pol | ||
| 999 |
_c42672 _d42672 |
||
| 856 |
_uhttp://koha.tu.koszalin.pl/cgi-bin/koha/opac-detail.pl?biblionumber=42672 _yKatalog online BPK |
||